Datum a čas kvízu
18.5
Celkem bodů
Celkový počet nahraných bodů na tomto kvízu bez doplňovacích otázek.
4.
Pořadí na kvízu
Konečné umístění týmu na tomto kvízu.
Zaznamenané odpovědi
| # | Otázka | Odpověď | Body | Výsledky |
|---|---|---|---|---|
| 1. | Karlovu univerzitu poprvé v hi... | Milena Králíčková | 0 | |
| 2. | Evropský parlament minulý týde... | Alexej Navalnyj | 1 | |
| 3. | Kanye Omari West je znám jako... | Ye | 1 | |
| 4. | Firma Apple opět vzbudila pozo... | Čisticí hadřík. | 0 | |
| 5. | Vyprodáno. Podle očekávání sle... | Seattle Kraken | 0 | |
| 6. | Toto téma začneme manželkami k... | 1A 2C 3D 4B | 0 | |
| 7. | Přesuneme se ke Králi popu. Ja... | The Jackson 5 | 1 | |
| 8. | Jak se nazývá klub, za který h... | West Ham United FC | 1 | |
| 9. | Mnoho deskových her využívá kr... | Shogi | 1 | |
| 10. | V roce 2021 streamovací platfo... | Král Šamanů (Shaman King) | 0 |